[Event "TCh-RUS Blitz 2015"]
[Site "Sochi RUS"]
[Date "2015.05.10"]
[Round "4.18"]
[White "Pakhomov, Alexey"]
[Black "Frolyanov, Dmitry"]
[Result "1/2-1/2"]
[WhiteTitle "IM"]
[BlackTitle "GM"]
[WhiteElo "2356"]
[BlackElo "2569"]
[WhiteTeam "BOC Russian Federation (Smolensk region)"]
[BlackTeam "Lada (Samara region)"]
[WhiteFideId "4129016"]
[BlackFideId "4151976"]
[EventDate "2015.05.10"]

1. d4 d5 2. Bg5 h6 3. Bf4 Nf6 4. e3 e6 5. c4 c5 6. Nf3 Nc6 7. Nc3 cxd4 8. exd4
Bb4 9. Bd3 dxc4 10. Bxc4 Nd5 11. Bd2 Be7 12. O-O O-O 13. Ne4 Nf6 14. Nxf6+ Bxf6
15. Be3 Ne7 16. Rc1 b6 17. Qe2 Bb7 18. Rfd1 Nf5 19. Bb3 Bd5 20. Ba4 Qd6 21. a3
Rac8 22. Bc2 Rfe8 23. Ba4 Red8 24. Bc2 Qb8 25. Kh1 Qb7 26. Kg1 Bxf3 27. Qxf3
Qxf3 28. gxf3 Nxd4 29. Bxd4 Bxd4 30. Rxd4 Rxd4 31. Bh7+ Kxh7 32. Rxc8 Rd2 33.
Rc7 Kg6 34. Rxa7 Rxb2 35. Kg2 Kf6 36. a4 Ra2 37. Rb7 Rxa4 38. Rxb6 g5 39. Rb8
Ra3 40. Rh8 Kg7 41. Rb8 f5 42. Re8 Ra6 43. Re7+ Kf6 44. Rh7 Kg6 45. Re7 h5 46.
Kg3 g4 47. fxg4 hxg4 48. Re8 Kf7 49. Rb8 Ra3+ 50. Kg2 Rf3 51. Rb7+ Kf6 52. Rb6
Ke7 53. Rb7+ Kd6 54. Rb6+ Kd5 55. Rb5+ Kd4 56. Rb4+ Kc5 57. Rb8 e5 58. Rf8 Kd5
59. h4 Ke4 60. h5 Rh3 61. Rh8 Kf4 62. h6 Kg5 63. h7 Kg6 64. Re8 Kxh7 65. Rxe5
Kg6 66. Re8 Kg5 67. Rd8 Ra3 68. Rc8 Ra2 69. Rc5 Kf4 70. Rc4+ Ke5 71. Rc5+ Ke4
72. Rc4+ Ke5 73. Rc5+ Kf6 74. Rc6+ 1/2-1/2

[Event "TCh-RUS Blitz 2015"]
[Site "Sochi RUS"]
[Date "2015.05.10"]
[Round "4.19"]
[White "Predke, Alexandr"]
[Black "Draganov, Ruslan"]
[Result "1-0"]
[BlackTitle "FM"]
[WhiteElo "2533"]
[BlackElo "2195"]
[WhiteTeam "Lada (Samara region)"]
[BlackTeam "BOC Russian Federation (Smolensk region)"]
[WhiteFideId "24107581"]
[BlackFideId "4108736"]
[EventDate "2015.05.10"]

1. e4 c5 2. Nf3 e6 3. d4 cxd4 4. Nxd4 a6 5. Bd3 b5 6. O-O Qc7 7. a4 b4 8. a5 Nc6
9. Nxc6 dxc6 10. Nd2 e5 11. Nc4 Be6 12. Nb6 Ra7 13. Be3 c5 14. Qe2 Nf6 15. f3
Be7 16. Bxa6 O-O 17. Bc4 Bd7 18. Rfd1 Bc6 19. Bb5 h6 20. Bxc6 Qxc6 21. Qc4 Rc7
22. b3 Rb8 23. Qe2 Ra7 24. Nc4 Qe6 25. Rd2 Kh7 26. Rad1 Rc7 27. g3 Rc6 28. Kg2
Rc7 29. Bf2 Ra8 30. Rd3 Raa7 31. g4 Ne8 32. Bg3 f6 33. f4 exf4 34. Bxf4 Rd7 35.
Qf3 Nd6 36. Bxd6 Bxd6 37. Rxd6 Rxd6 38. Rxd6 Qe8 39. Qf5+ Kh8 40. a6 Re7 41. Kf3
Ra7 42. h4 Ra8 43. h5 Qb8 44. Qd5 Qc8 45. a7 Qc7 46. Qxa8+ 1-0

[Event "TCh-RUS Blitz 2015"]
[Site "Sochi RUS"]
[Date "2015.05.10"]
[Round "4.20"]
[White "Romanenkov, Aleksandr"]
[Black "Brodsky, Michail"]
[Result "0-1"]
[BlackTitle "GM"]
[WhiteElo "2105"]
[BlackElo "2555"]
[WhiteTeam "BOC Russian Federation (Smolensk region)"]
[BlackTeam "Lada (Samara region)"]
[WhiteFideId "24118478"]
[BlackFideId "14100932"]
[EventDate "2015.05.10"]

1. d4 Nf6 2. c4 e6 3. Nf3 b6 4. Nc3 Bb7 5. e3 d5 6. Bd3 Bd6 7. O-O Nbd7 8. b3
O-O 9. Bb2 dxc4 10. Bxc4 a6 11. Rc1 b5 12. Bd3 c5 13. dxc5 Nxc5 14. Bb1 Qe7 15.
Qe2 Nce4 16. Nxe4 Nxe4 17. Rfd1 Rfd8 18. Rd3 Ng5 19. Nxg5 Qxg5 20. e4 Be5 21.
Rdd1 h5 22. Bxe5 Qxe5 23. h3 Rac8 24. Rxd8+ Rxd8 25. Re1 h4 26. Qe3 Qb2 0-1

[Event "TCh-RUS Blitz 2015"]
[Site "Sochi RUS"]
[Date "2015.05.10"]
[Round "4.21"]
[White "Bocharov, Ivan"]
[Black "Golubov, Saveliy"]
[Result "1-0"]
[WhiteTitle "FM"]
[WhiteElo "2489"]
[BlackElo "2405"]
[WhiteTeam "56 parallel (Krasnoyarsk)"]
[BlackTeam "HQ Rakita - NIU BSU (Belgorod)"]
[WhiteFideId "4180887"]
[BlackFideId "24176729"]
[EventDate "2015.05.10"]

1. f4 d5 2. Nf3 g6 3. g3 Bg7 4. Bg2 c5 5. O-O Nc6 6. d3 e6 7. e4 Nge7 8. e5 O-O
9. Be3 f6 10. Bxc5 fxe5 11. Nxe5 Nxe5 12. fxe5 Rxf1+ 13. Qxf1 Bxe5 14. Nc3 Qc7
15. Qf2 Nf5 16. Kh1 Kg7 17. g4 b6 18. Ba3 Bd4 19. Nb5 Qe5 20. Qf1 Bd7 21. gxf5
Bxb5 22. fxe6 Qxe6 23. Re1 Be3 24. c4 Bc6 25. Qf3 Re8 26. cxd5 Bxd5 27. Qxd5 Qg4
28. Bd6 Kh6 29. Qf3 Qd4 30. Rxe3 Rxe3 31. Bf4+ Kg7 32. Qxe3 1-0

[Event "TCh-RUS Blitz 2015"]
[Site "Sochi RUS"]
[Date "2015.05.10"]
[Round "4.22"]
[White "Ivanov, Alexander Al."]
[Black "Kiriakov, Petr"]
[Result "0-1"]
[WhiteTitle "GM"]
[BlackTitle "GM"]
[WhiteElo "2420"]
[BlackElo "2535"]
[WhiteTeam "HQ Rakita - NIU BSU (Belgorod)"]
[BlackTeam "56 parallel (Krasnoyarsk)"]
[WhiteFideId "4126360"]
[BlackFideId "4119231"]
[EventDate "2015.05.10"]

1. e4 e6 2. Nf3 d5 3. Nc3 Nf6 4. d3 c5 5. Bg5 d4 6. Nb1 h6 7. Bh4 Be7 8. Nbd2
Nc6 9. Be2 e5 10. h3 Be6 11. O-O Nd7 12. Bxe7 Qxe7 13. Nh2 O-O 14. Bg4 b5 15.
Bxe6 Qxe6 16. Qg4 Qxg4 17. hxg4 Rfc8 18. Nhf3 Nb4 19. Rfc1 c4 20. a3 Na6 21. a4
cxd3 22. cxd3 Rxc1+ 23. Rxc1 bxa4 24. Nc4 f6 25. Kf1 Nac5 26. Ke2 Rb8 27. Ra1
Rb3 28. Rd1 Nb6 29. Na3 Rxb2+ 30. Rd2 0-1

[Event "TCh-RUS Blitz 2015"]
[Site "Sochi RUS"]
[Date "2015.05.10"]
[Round "4.23"]
[White "Zablotsky, Sergei"]
[Black "Khoroshilov, Nikita"]
[Result "1-0"]
[WhiteTitle "GM"]
[WhiteElo "2525"]
[BlackElo "2274"]
[WhiteTeam "56 parallel (Krasnoyarsk)"]
[BlackTeam "HQ Rakita - NIU BSU (Belgorod)"]
[WhiteFideId "4131606"]
[BlackFideId "24145122"]
[EventDate "2015.05.10"]

1. Nf3 g6 2. c4 Nf6 3. Nc3 d6 4. d4 Bg7 5. e4 O-O 6. h3 Nbd7 7. Be3 e5 8. d5 Nc5
9. Nd2 a5 10. g4 b6 11. Rg1 Ne8 12. a3 a4 13. Qc2 f5 14. gxf5 gxf5 15. Bxc5 bxc5
16. exf5 Bxf5 17. Bd3 e4 18. Bxe4 Bxe4 19. Ndxe4 Nf6 20. Ng5 Re8+ 21. Ne6 Rxe6+
22. dxe6 Qe8 23. Qf5 Rb8 24. Qxf6 1-0

[Event "TCh-RUS Blitz 2015"]
[Site "Sochi RUS"]
[Date "2015.05.10"]
[Round "4.24"]
[White "Ananikian, Andrey"]
[Black "Mikhel, Vladislav"]
[Result "0-1"]
[BlackTitle "FM"]
[WhiteElo "2118"]
[BlackElo "2347"]
[WhiteTeam "HQ Rakita - NIU BSU (Belgorod)"]
[BlackTeam "56 parallel (Krasnoyarsk)"]
[WhiteFideId "4197623"]
[BlackFideId "4140435"]
[EventDate "2015.05.10"]

1. d4 d5 2. Nf3 e6 3. Bf4 c6 4. e3 f5 5. Bd3 Nf6 6. O-O Bd6 7. Bxd6 Qxd6 8. Ne5
Nbd7 9. f4 O-O 10. Nd2 b6 11. Ndf3 a5 12. Nxd7 Nxd7 13. Qe2 c5 14. c3 a4 15. Bb5
a3 16. Bxd7 Bxd7 17. b3 Bc8 18. Rfd1 Ba6 19. Qd2 Rfc8 20. Rac1 Rc7 21. Ne5 Rac8
22. h3 h6 23. Kh2 g5 24. g3 Bb5 25. Rg1 Rg7 26. Rc2 Rgc7 27. Rcc1 Kh7 28. g4 Rg7
29. gxf5 exf5 30. c4 Be8 31. Qg2 cxd4 32. exd4 dxc4 33. Rxc4 Rxc4 34. Nxc4 Qxf4+
35. Kh1 Qxd4 36. Nxa3 Bf7 37. Nc2 Qc5 38. Ne1 Bd5 0-1

[Event "TCh-RUS Blitz 2015"]
[Site "Sochi RUS"]
[Date "2015.05.10"]
[Round "4.25"]
[White "Chigaev, Maksim"]
[Black "Malakhov, Vladimir"]
[Result "1/2-1/2"]
[WhiteTitle "IM"]
[BlackTitle "GM"]
[WhiteElo "2496"]
[BlackElo "2702"]
[WhiteTeam "SDYUSSHOR Hilti (St. Petersburg)"]
[BlackTeam "Malachite (Sverdlovsk region)"]
[WhiteFideId "4108116"]
[BlackFideId "4120787"]
[EventDate "2015.05.10"]

1. e4 e5 2. Nf3 Nc6 3. Be2 Nf6 4. Nc3 Bd6 5. g4 h6 6. d3 Be7 7. g5 hxg5 8. Bxg5
d6 9. h4 Be6 10. d4 Bg4 11. d5 Bxf3 12. Bxf3 Nd4 13. Qd3 Nh5 14. Bxe7 Qxe7 15.
Bxh5 Rxh5 16. Nb5 O-O-O 17. Nxd4 exd4 18. Qxd4 Rxh4 19. Rxh4 Qxh4 20. O-O-O Qg5+
21. Kb1 Kb8 22. a4 a6 23. f3 g6 24. Rd3 Qg3 25. Ka2 Qe5 26. Qb4 Ka8 27. Rb3 Rb8
28. Rc3 Qe7 29. Qd4 Re8 30. a5 f5 31. exf5 gxf5 32. Qc4 Qf7 33. Qxc7 Qxd5+ 34.
b3 Qe5 35. Rd3 d5 36. Qxe5 Rxe5 37. b4 Re2 38. Kb3 Rf2 39. c3 Kb8 40. Rxd5 Rxf3
41. Rd7 1/2-1/2

[Event "TCh-RUS Blitz 2015"]
[Site "Sochi RUS"]
[Date "2015.05.10"]
[Round "4.26"]
[White "Riazantsev, Alexander"]
[Black "Levin, Evgeny A."]
[Result "0-1"]
[WhiteTitle "GM"]
[BlackTitle "GM"]
[WhiteElo "2671"]
[BlackElo "2518"]
[WhiteTeam "Malachite (Sverdlovsk region)"]
[BlackTeam "SDYUSSHOR Hilti (St. Petersburg)"]
[WhiteFideId "4125029"]
[BlackFideId "4182596"]
[EventDate "2015.05.10"]

1. d4 Nf6 2. c4 e6 3. Nf3 b6 4. a3 Bb7 5. Nc3 g6 6. Qc2 Bg7 7. e4 d6 8. h3 O-O
9. Be3 Nbd7 10. Be2 a6 11. O-O h6 12. b4 Nh7 13. Qd2 g5 14. d5 Qe7 15. Nd4 a5
16. Rab1 axb4 17. axb4 Kh8 18. Rfe1 Rg8 19. Bf1 Ne5 20. c5 h5 21. cxb6 cxb6 22.
b5 g4 23. hxg4 Nxg4 24. Be2 Bxd4 25. Bxd4+ e5 26. Bxb6 Qh4 27. Bxg4 Rxg4 28. Re3
Rag8 29. Rg3 Rxg3 30. fxg3 Qxg3 31. Rf1 Ng5 32. Rf2 Nh3+ 33. Kf1 Nxf2 34. Qxf2
Qxc3 35. Qf6+ Rg7 36. Bd8 Qc1+ 37. Ke2 Qb2+ 38. Ke3 Qd4+ 39. Kf3 Qd3+ 40. Kf2
Qd2+ 41. Kf1 Qxg2+ 42. Ke1 Qxe4+ 43. Kf1 Qf4+ 0-1

[Event "TCh-RUS Blitz 2015"]
[Site "Sochi RUS"]
[Date "2015.05.10"]
[Round "4.27"]
[White "Usmanov, Vasily"]
[Black "Motylev, Alexander"]
[Result "1-0"]
[WhiteTitle "IM"]
[BlackTitle "GM"]
[WhiteElo "2462"]
[BlackElo "2648"]
[WhiteTeam "SDYUSSHOR Hilti (St. Petersburg)"]
[BlackTeam "Malachite (Sverdlovsk region)"]
[WhiteFideId "4135741"]
[BlackFideId "4121830"]
[EventDate "2015.05.10"]

1. c4 c6 2. e4 d5 3. cxd5 cxd5 4. exd5 Nf6 5. Qa4+ Nbd7 6. Bc4 g6 7. Nc3 Bg7 8.
Nf3 O-O 9. d3 Nb6 10. Qb3 Bg4 11. Nd2 Bf5 12. O-O Rc8 13. Re1 Nfd7 14. Nde4 Ne5
15. Bg5 h6 16. Bh4 g5 17. Bg3 Nexc4 18. dxc4 Rxc4 19. Rad1 Kh8 20. h4 Bxe4 21.
Nxe4 f5 22. Nd2 Rg4 23. hxg5 Qxd5 24. Qxd5 Nxd5 25. Nf3 Nb4 26. gxh6 Bf6 27. Be5
Nc6 28. Bxf6+ Rxf6 29. Ne5 Re4 30. Rxe4 fxe4 31. Nxc6 Rxc6 32. Rd7 Rc1+ 33. Kh2
b6 34. Rxe7 Rc2 35. g4 Rxb2 36. Kg3 Rxa2 37. g5 Ra1 38. Kg4 Rf1 39. g6 1-0

[Event "TCh-RUS Blitz 2015"]
[Site "Sochi RUS"]
[Date "2015.05.10"]
[Round "4.28"]
[White "Khismatullin, Denis"]
[Black "Palchun, Grigory"]
[Result "1-0"]
[WhiteTitle "GM"]
[WhiteElo "2666"]
[BlackElo "2288"]
[WhiteTeam "Malachite (Sverdlovsk region)"]
[BlackTeam "SDYUSSHOR Hilti (St. Petersburg)"]
[WhiteFideId "4142578"]
[BlackFideId "24147338"]
[EventDate "2015.05.10"]

1. c4 e5 2. Nc3 Nc6 3. Nf3 g5 4. d4 exd4 5. Nd5 h6 6. Nxd4 d6 7. g3 Bg7 8. Nb5
Kf8 9. Nbxc7 Rb8 10. Nb5 a6 11. Nbc3 Nge7 12. Bg2 Ng6 13. Be3 b5 14. cxb5 axb5
15. Rc1 Nce5 16. Ba7 Rb7 17. Bd4 b4 18. Na4 Qa5 19. Rxc8+ 1-0

[Event "TCh-RUS Blitz 2015"]
[Site "Sochi RUS"]
[Date "2015.05.10"]
[Round "4.29"]
[White "Lugovskoy, Maxim"]
[Black "Demidov, Mikhail"]
[Result "1-0"]
[WhiteTitle "IM"]
[BlackTitle "IM"]
[WhiteElo "2427"]
[BlackElo "2513"]
[WhiteTeam "Krasnodar region"]
[BlackTeam "Boavista (Moscow)"]
[WhiteFideId "24126454"]
[BlackFideId "4197143"]
[EventDate "2015.05.10"]

1. Nf3 e6 2. d4 b6 3. g3 Bb7 4. Bg2 Be7 5. O-O d6 6. c4 Nd7 7. Nc3 a6 8. e4 g5
9. Be3 h5 10. Nd2 h4 11. f4 hxg3 12. hxg3 gxf4 13. Bxf4 Bg5 14. Qg4 Bxf4 15.
Qxf4 Qf6 16. e5 Qxf4 17. gxf4 Bxg2 18. Kxg2 Ne7 19. Rh1 Rg8+ 20. Kf2 Nc6 21. Nf3
dxe5 22. dxe5 Nc5 23. Rh7 Rd8 24. Rd1 Nd3+ 25. Ke3 Nxb2 26. Rxd8+ Nxd8 27. Ne4
Ke7 28. Nf6 Rf8 29. Kd4 Nc6+ 30. Kc3 Na4+ 31. Kc2 Rd8 32. Nh4 Nd4+ 33. Kb1 Re8
34. Ng6+ Kd8 35. Rxf7 c5 36. Rd7+ Kc8 37. Rxd4 cxd4 38. Nxe8 Kd7 39. Ng7 Nc3+
40. Kc2 Nxa2 41. Nf8+ Ke7 42. Nfxe6 Nb4+ 43. Kd2 Nc6 44. Ng5 b5 45. cxb5 axb5
46. Nf3 Kf7 47. Nf5 b4 48. N5xd4 Ne7 49. f5 b3 50. Ng5+ Kf8 51. f6 Nd5 52. Nde6+
Ke8 53. f7+ Kd7 54. f8=Q 1-0

[Event "TCh-RUS Blitz 2015"]
[Site "Sochi RUS"]
[Date "2015.05.10"]
[Round "4.30"]
[White "Vastrukhin, Oleg"]
[Black "Oganian, Miran"]
[Result "1-0"]
[BlackTitle "FM"]
[WhiteElo "2389"]
[BlackElo "2371"]
[WhiteTeam "Boavista (Moscow)"]
[BlackTeam "Krasnodar region"]
[WhiteFideId "4192770"]
[BlackFideId "4122488"]
[EventDate "2015.05.10"]

1. Nf3 Nf6 2. g3 e6 3. Bg2 Be7 4. c4 d5 5. cxd5 exd5 6. O-O O-O 7. d4 c5 8. Nc3
Nc6 9. a3 cxd4 10. Nxd4 Re8 11. b4 Bg4 12. h3 Be6 13. Bb2 Qd7 14. Kh2 Rad8 15.
Rc1 Ne5 16. Ba1 Nc4 17. a4 Bxb4 18. Qb3 Bc5 19. Rfd1 b6 20. e3 Nd6 21. Nxe6 fxe6
22. Rd3 Kh8 23. Rcd1 Qe7 24. Qa2 Nc4 25. e4 Ne5 26. R3d2 d4 27. Nb5 Nc6 28. Nxd4
Nxd4 29. Bxd4 Bxd4 30. Rxd4 Rxd4 31. Rxd4 e5 32. Rd2 h5 33. Qc4 h4 34. Qe2 hxg3+
35. fxg3 Rd8 36. Rc2 Qd7 37. Qf3 Qd3 38. Rc8 Qd7 39. Rxd8+ Qxd8 40. Qf5 Qe8 41.
h4 a5 42. g4 Qxa4 43. g5 Nh5 44. Qxe5 Qd7 45. Bf3 Qd2+ 46. Kh3 Nf4+ 47. Kg4 Nd3
48. Qb8+ Kh7 49. h5 Nf2+ 50. Kg3 Qxg5+ 51. Kxf2 Qd2+ 52. Kf1 Qd3+ 53. Kg2 Qd2+
54. Kh3 Qe3 55. Qf8 a4 56. Qf5+ Kh8 57. e5 a3 58. Kg4 a2 59. Be4 Qg1+ 60. Kh4
Qh2+ 61. Kg4 Qg1+ 62. Kh3 Kg8 63. Bd5+ Kh8 64. Be4 Kg8 65. Qe6+ Kf8 66. Qxa2
Qf1+ 67. Qg2 Qf4 68. Qf3 Qxf3+ 69. Bxf3 Ke7 70. Bd5 b5 71. Kg4 b4 72. Kf5 b3 73.
Bxb3 1-0

[Event "TCh-RUS Blitz 2015"]
[Site "Sochi RUS"]
[Date "2015.05.10"]
[Round "4.31"]
[White "Zakaryan, David"]
[Black "Pasiev, Rakhim"]
[Result "0-1"]
[WhiteTitle "FM"]
[BlackTitle "IM"]
[WhiteElo "2322"]
[BlackElo "2384"]
[WhiteTeam "Krasnodar region"]
[BlackTeam "Boavista (Moscow)"]
[WhiteFideId "24101923"]
[BlackFideId "24122475"]
[EventDate "2015.05.10"]

1. e4 c5 2. Nf3 Nc6 3. d4 cxd4 4. Nxd4 g6 5. c4 Nf6 6. Nc3 d6 7. Be2 Nxd4 8.
Qxd4 Bg7 9. Be3 O-O 10. Qd2 a5 11. O-O a4 12. Rfd1 Qa5 13. Rac1 Be6 14. f3 Rfc8
15. Nb5 Nd7 16. Nd4 Nc5 17. Bf1 h5 18. Qf2 Bd7 19. Rd2 Kh7 20. g3 Qd8 21. Rcd1
Qf8 22. Bg2 Ne6 23. Bf1 Nc5 24. Bg2 Ne6 25. Bf1 Bh6 26. Nc2 Nc5 27. Nb4 Be6 28.
Nc2 Bxe3 29. Nxe3 Qg7 30. h3 Kg8 31. Kh2 Rf8 32. Bg2 h4 33. gxh4 Rac8 34. f4 f6
35. Bf3 Qh6 36. Qg3 Kh7 37. Rg1 Rg8 38. Bg4 Nxe4 39. Bxe6 Nxg3 40. Rxg3 Qxf4 41.
Rg2 Rcf8 42. Bxg8+ Rxg8 43. b3 axb3 44. axb3 e6 45. Kh1 Qxh4 46. Rg4 Qe1+ 47.
Kh2 Qxe3 48. R4g3 Qf4 49. Kh1 d5 50. cxd5 exd5 51. Rg4 Qc1+ 52. Kh2 Qc7+ 53. Kh1
Qe5 54. b4 d4 55. Rh4+ Kg7 56. Rd2 Qe1+ 0-1

[Event "TCh-RUS Blitz 2015"]
[Site "Sochi RUS"]
[Date "2015.05.10"]
[Round "4.32"]
[White "Denishev, Marat"]
[Black "Oganyan, Arsen"]
[Result "1-0"]
[WhiteElo "2275"]
[BlackElo "2282"]
[WhiteTeam "Boavista (Moscow)"]
[BlackTeam "Krasnodar region"]
[WhiteFideId "24131563"]
[BlackFideId "4175492"]
[EventDate "2015.05.10"]

1. d4 Nf6 2. c4 e6 3. Nf3 b6 4. g3 Ba6 5. b3 Bb4+ 6. Bd2 Be7 7. Bg2 c6 8. O-O d5
9. Qc2 Nbd7 10. Rd1 O-O 11. Bf4 Nh5 12. Bc1 Nhf6 13. Ba3 Rc8 14. Bxe7 Qxe7 15.
Nbd2 c5 16. dxc5 Nxc5 17. Qb2 dxc4 18. Nxc4 Bxc4 19. bxc4 Nfe4 20. Qa3 Qc7 21.
Nd4 a6 22. Rac1 Rfd8 23. Qe3 Nf6 24. Nc6 Rxd1+ 25. Rxd1 h6 26. h3 h5 27. a3 g6
28. Qf3 Nce4 29. Nb4 Qxc4 30. Nd3 Kg7 31. Rc1 Qxd3 32. exd3 Rxc1+ 33. Kh2 Nc5
34. d4 Nce4 35. Qe3 Rc3 36. Qe1 Rxa3 37. Bxe4 Ra4 38. Qe3 b5 39. Bc6 Rc4 40. Bb7
a5 41. Qb3 Rb4 42. Qa3 Rxd4 43. Qxa5 b4 44. Qc5 Rd2 45. Kg2 Rb2 46. g4 hxg4 47.
hxg4 Kh7 48. Qd4 1-0

[Event "TCh-RUS Blitz 2015"]
[Site "Sochi RUS"]
[Date "2015.05.10"]
[Round "4.33"]
[White "Ponomarenko, Alexandr"]
[Black "Triapishko, Olexandr"]
[Result "0-1"]
[WhiteTitle "IM"]
[WhiteElo "2234"]
[BlackElo "2393"]
[WhiteTeam "Law Faculty of Moscow State University (Moscow)"]
[BlackTeam "Crimea (Republic of Crimea)"]
[WhiteFideId "14122456"]
[BlackFideId "14122286"]
[EventDate "2015.05.10"]

1. e4 c5 2. Nf3 Nc6 3. d4 cxd4 4. Nxd4 e5 5. Nb5 a6 6. N5c3 Nf6 7. Bg5 Be7 8.
Be2 O-O 9. Bxf6 Bxf6 10. O-O d6 11. Nd5 Bg5 12. Bd3 Be6 13. c4 Rc8 14. Nbc3 g6
15. Na4 Bxd5 16. cxd5 Nd4 17. Nc3 f5 18. Ne2 Qb6 19. exf5 gxf5 20. Nxd4 Qxd4 21.
Qh5 Qg4 22. Qxg4 fxg4 23. Rae1 Kg7 24. Re4 h5 25. Rb4 Rc7 26. Rb6 Be7 27. Rb3
Rf4 28. a3 Rd4 29. Bf5 Rxd5 30. h3 gxh3 31. Bxh3 Rb5 32. Rg3+ Kh8 33. b4 h4 34.
Rg6 Bf8 35. Rd1 Rg7 36. Re6 Be7 37. Bf5 Rf7 38. Bh3 Kg7 39. Rc1 a5 40. Rc7 Bg5
41. Rxf7+ Kxf7 42. Rxd6 axb4 43. axb4 Rxb4 44. Rd5 Bf4 45. Kf1 Rb2 46. Rd7+ Kf6
47. Rd1 b5 48. Ra1 b4 49. Ke1 b3 50. Rd1 Rc2 51. Bd7 b2 52. Ba4 Rc1 0-1

[Event "TCh-RUS Blitz 2015"]
[Site "Sochi RUS"]
[Date "2015.05.10"]
[Round "4.34"]
[White "Shemeakin, Alexander"]
[Black "Tereshechkina, Maya"]
[Result "1-0"]
[WhiteTitle "IM"]
[BlackTitle "WFM"]
[WhiteElo "2247"]
[BlackElo "2068"]
[WhiteTeam "Crimea (Republic of Crimea)"]
[BlackTeam "Law Faculty of Moscow State University (Moscow)"]
[WhiteFideId "14101840"]
[BlackFideId "4194578"]
[EventDate "2015.05.10"]

1. d4 Nf6 2. c4 e6 3. Nc3 c5 4. d5 exd5 5. cxd5 Bd6 6. e4 O-O 7. Bd3 Re8 8. Nge2
c4 9. Bc2 a6 10. a4 Bc5 11. O-O d6 12. Bg5 h6 13. Bh4 Nbd7 14. Kh1 Rb8 15. a5
Bb4 16. f4 Bxa5 17. Nd4 Qc7 18. Qf3 Bxc3 19. bxc3 Kh8 20. Rae1 b5 21. Nc6 Rb6
22. e5 Nxd5 23. Qxd5 Qxc6 24. Qxf7 Rf8 25. Qg6 Kg8 26. e6 Nf6 27. e7 Bd7 28.
exf8=Q+ Kxf8 29. Bxf6 Bc8 1-0

[Event "TCh-RUS Blitz 2015"]
[Site "Sochi RUS"]
[Date "2015.05.10"]
[Round "4.35"]
[White "Dulenko, Maxim"]
[Black "Alexeev, Alexey"]
[Result "1/2-1/2"]
[BlackTitle "IM"]
[WhiteElo "2140"]
[BlackElo "2320"]
[WhiteTeam "Law Faculty of Moscow State University (Moscow)"]
[BlackTeam "Crimea (Republic of Crimea)"]
[WhiteFideId "4121899"]
[BlackFideId "14106663"]
[EventDate "2015.05.10"]

1. e4 e5 2. Nf3 Nc6 3. Nc3 Nf6 4. Bb5 Bb4 5. O-O O-O 6. Bxc6 dxc6 7. Nxe5 Re8 8.
Nd3 Bxc3 9. dxc3 Nxe4 10. Qf3 Qh4 11. Qf4 Qxf4 12. Bxf4 Nd6 13. Rfe1 Bf5 14.
Rxe8+ Rxe8 15. Bxd6 cxd6 16. Re1 Rxe1+ 17. Nxe1 f6 18. f3 Kf7 19. Kf2 Ke6 20.
Ke3 g5 21. Nd3 h5 22. f4 h4 23. g3 c5 24. b3 a5 25. a4 Kd5 26. c4+ Kc6 27. c3 b6
28. Kd2 Kd7 29. Nf2 gxf4 30. gxf4 Ke6 31. Nd1 Be4 32. Ne3 Bf3 33. Ke1 d5 34. Kf2
Bh1 35. cxd5+ Bxd5 36. c4 Be4 37. Ke2 Kf7 38. Kd2 Kg6 39. Ke2 h3 40. Kd2 Kf7 41.
Kc3 Ke6 42. Kd2 Bf3 1/2-1/2

[Event "TCh-RUS Blitz 2015"]
[Site "Sochi RUS"]
[Date "2015.05.10"]
[Round "4.36"]
[White "Vasilevich, Tatjana"]
[Black "Kayukov, Kirill"]
[Result "0-1"]
[WhiteTitle "IM"]
[WhiteElo "2404"]
[BlackElo "2071"]
[WhiteTeam "Crimea (Republic of Crimea)"]
[BlackTeam "Law Faculty of Moscow State University (Moscow)"]
[WhiteFideId "14101610"]
[BlackFideId "4107837"]
[EventDate "2015.05.10"]

1. d4 e6 2. c4 d5 3. Nc3 Nf6 4. cxd5 exd5 5. Bg5 Be7 6. e3 O-O 7. Bd3 c6 8. Qc2
h6 9. Bh4 Na6 10. a3 Nc7 11. Nf3 Re8 12. O-O Ne6 13. b4 Bd7 14. Ne5 Nf8 15. b5
Rc8 16. bxc6 Bxc6 17. Rfb1 N6d7 18. Bxe7 Qxe7 19. Nxc6 Rxc6 20. Nxd5 Qd6 21. Qb3
Rec8 22. h3 Ne6 23. Bb5 Rc2 24. Bd3 R2c6 25. a4 b6 26. Be4 Ng5 27. Bd3 Ne6 28.
g3 Ng5 29. Kg2 Qe6 30. g4 Qd6 31. Bf5 g6 32. Bd3 Kg7 33. h4 Ne6 34. Be4 g5 35.
h5 Ndf8 36. Rd1 Nd7 37. Rac1 Rxc1 38. Rxc1 Rxc1 39. Qb2 Rc8 40. Nb4 Nf6 41. d5
Nc5 42. Bf5 Re8 43. Qd4 Qe5 44. Qc4 Rd8 45. Nc6 Qd6 46. Nxd8 Qxd8 47. e4 Qd6 48.
Qd4 Kf8 0-1

[Event "TCh-RUS Blitz 2015"]
[Site "Sochi RUS"]
[Date "2015.05.10"]
[Round "5.1"]
[White "Andreikin, Dmitry"]
[Black "Nepomniachtchi, Ian"]
[Result "0-1"]
[WhiteTitle "GM"]
[BlackTitle "GM"]
[WhiteElo "2723"]
[BlackElo "2728"]
[WhiteTeam "University (Belorechensk)"]
[BlackTeam "Our Heritage SHSM-1 (Moscow)"]
[WhiteFideId "4158814"]
[BlackFideId "4168119"]
[EventDate "2015.05.10"]

1. Nc3 c5 2. Nf3 g6 3. d4 cxd4 4. Qxd4 Nf6 5. Ne4 Bg7 6. Bg5 Nc6 7. Qc3 O-O 8.
Bxf6 exf6 9. Nd6 f5 10. Qa3 b5 11. e3 b4 12. Qb3 Qf6 13. O-O-O a5 14. a4 bxa3
15. Qxa3 Rb8 16. c3 a4 17. Bc4 Na5 18. Qxa4 Nxc4 19. Qxc4 Ra8 20. Qd5 Ba6 21.
Rd4 Bf1 22. Rxf1 Ra1+ 23. Kd2 Rxf1 24. Ke2 Rb1 25. Rd2 Rb8 26. b4 Qe6 27. Qd3
Qb3 28. Nd4 Bxd4 29. Qxd4 Ra8 30. g4 fxg4 31. Ne4 Ra6 32. f4 gxf3+ 33. Kxf3 Qe6
34. Ng3 Qc6+ 35. Kf2 Rc1 36. Ne4 Qe6 37. Nc5 Qf5+ 38. Qf4 Rf6 39. Nxd7 Qxf4+ 40.
exf4 Rxf4+ 41. Ke3 Rc4 42. Nf6+ Kg7 43. Nd5 f5 44. Kd3 Rh4 45. b5 Rb1 46. b6 Ra4
47. Re2 Ra5 48. c4 Rxd5+ 49. cxd5 Rxb6 50. Kd4 f4 51. Kc5 Rb8 52. d6 g5 53. d7
Rd8 54. Kd6 f3 55. Re3 g4 56. h3 f2 57. Re7+ Kf8 58. Rxh7 Kg8 59. Re7 f1=Q 60.
Re8+ Kf7 61. Rxd8 Qf4+ 62. Kc6 Qc4+ 63. Kd6 Qb4+ 64. Kc6 Qa4+ 65. Kb6 Ke7 66.
Rh8 Qb3+ 67. Ka7 Qa2+ 0-1